[Event "SUR-ch"]
[Site "Paramaribo"]
[Date "2011.03.11"]
[Round "10"]
[White "Dos Ramos, Rosangela"]
[Black "Mungroo, Franklin"]
[Result "0-1"]
[WhiteElo "1711"]
[BlackElo "2116"]
[PlyCount "133"]
[EventDate "2011.02.18"]
[EventType "tourn"]
[EventRounds "13"]
[EventCountry "SUR"]
[SourceTitle "EXT 2013"]
[Source "ChessBase"]
[SourceDate "2012.11.22"]
[SourceVersion "1"]
[SourceVersionDate "2012.11.22"]
[SourceQuality "1"]

1. e4 d6 2. d4 Nd7 3. Nf3 e6 4. Bc4 Ne7 5. Nc3 Ng6 6. 0-0 Be7 7. Ne2 c6 8. c3 0-0 9. Ng3 Qc7 10. Be3 Re8 11. Qc2 h6 12. Rad1 Bf8 13. Bb3 Nf6 14. h3 Nd7 15. Nh5 Ne7 16. Ng3 g6 17. Qd2 Kh7 18. d5 cxd5 19. exd5 e5 20. Nh2 f5 21. f4 e4 22. Ne2 Nf6 23. Kh1 h5 24. Rg1 Bg7 25. Qe1 Bd7 26. Qf2 b6 27. c4 Rad8 28. Rc1 Bc8 29. Nd4 Nfg8 30. g4 hxg4 31. hxg4 Nh6 32. g5 Nf7 33. Qh4+ Kg8 34. Rg3 Kf8 35. Rh3 Ng8 36. Qh7 Nh8 37. Rc2 Qf7 38. Ba4 Bd7 39. Bxd7 Rxd7 40. Ne6+ Rxe6 41. dxe6 Qxe6 42. Qh4 Nf7 43. Qe1 Ne7 44. Nf1 Nd8 45. Ng3 Ndc6 46. Ne2 d5 47. cxd5 Nxd5 48. Bg1 Ndb4 49. Rd2 Nd3 50. Qd1 Qd5 51. Kh2 Qxa2 52. Nc1 Qc4 53. Nxd3 exd3 54. Qf1 Nb4 55. Rf3 Re7 56. Be3 Rd7 57. Bg1 Qb3 58. Qb1 Rc7 59. Rff2 Rc2 60. Qa1 a5 61. Rg2 Bxb2 62. Qb1 Qc4 63. Qf1 Bc1 64. Rd1 Bxf4+ 65. Kh1 Bc7 66. Qf3 Qh4+ 67. Bh2 0-1

[Event "SUR-ch"]
[Site "Paramaribo"]
[Date "2011.03.04"]
[Round "7"]
[White "Mungroo, Franklin"]
[Black "Naipal, Ekaterina"]
[Result "1/2-1/2"]
[WhiteElo "2116"]
[BlackElo "1806"]
[PlyCount "137"]
[EventDate "2011.02.18"]
[EventType "tourn"]
[EventRounds "13"]
[EventCountry "SUR"]
[SourceTitle "EXT 2013"]
[Source "ChessBase"]
[SourceDate "2012.11.22"]
[SourceVersion "1"]
[SourceVersionDate "2012.11.22"]
[SourceQuality "1"]

1. e4 c5 2. d4 g6 3. Nf3 Bg7 4. c3 cxd4 5. cxd4 d5 6. e5 Nc6 7. Nc3 Nh6 8. Be2 0-0 9. 0-0 Nf5 10. g4 Nh6 11. Ne1 e6 12. Be3 Kh8 13. Qd2 Ng8 14. f4 f5 15. h3 Nh6 16. Rf2 Rg8 17. Rb1 b6 18. b4 Bb7 19. Nd3 Rc8 20. Rh2 Bf8 21. a3 Rc7 22. Nf2 Nf7 23. Rg2 Be7 24. Kh2 Nh6 25. Nh1 g5 26. fxg5 Bxg5 27. Bxg5 Qxg5 28. Qxg5 Rxg5 29. h4 Nxg4+ 30. Kh3 Rg8 31. Nb5 Rcg7 32. Rd1 Ba6 33. Rd2 Bb7 34. Nd6 Ba8 35. Ba6 Ne7 36. h5 Bc6 37. Rc2 Be8 38. Kh4 Bf7 39. Rc7 Be8 40. Rxa7 Ng6+ 41. hxg6 Rxa7 42. Bc8 Bd7 43. Nf7+ Kg7 44. gxh7 Kxh7 45. Ng5+ Rxg5 46. Bxd7 Rg6 47. Be8 Rh6+ 48. Bh5 Rxa3 49. Rc2 Rxh5+ 50. Kxh5 Rh3+ 51. Kg5 Rxh1 52. Rc6 Rh6 53. Rxb6 Rg6+ 54. Kf4 Nh6 55. b5 Rg4+ 56. Kf3 Rxd4 57. Rxe6 Rb4 58. b6 Ng4 59. Re7+ Kg6 60. b7 Rb3+ 61. Kf4 Rb4+ 62. Kf3 Rb3+ 63. Kf4 d4 64. Re6+ Kf7 65. Rd6 d3 66. Kxf5 Ne3+ 67. Ke4 Nc4 68. Rxd3 Rb2 69. Rd4 1/2-1/2

[Event "Olympiad-39"]
[Site "Khanty-Mansiysk"]
[Date "2010.09.27"]
[Round "6.3"]
[White "Fesalbon, Rolando"]
[Black "Mungroo, Franklin"]
[Result "1-0"]
[WhiteElo "2061"]
[BlackElo "2156"]
[PlyCount "83"]
[EventDate "2010.09.21"]
[EventType "team-swiss"]
[EventRounds "11"]
[EventCountry "RUS"]
[SourceTitle "CBM 139"]
[Source "ChessBase"]
[SourceDate "2010.11.18"]
[SourceVersion "1"]
[SourceVersionDate "2010.11.18"]
[SourceQuality "1"]
[WhiteTeam "Macau"]
[BlackTeam "Surinam"]
[WhiteTeamCountry "MAC"]
[BlackTeamCountry "SUR"]

1. Nf3 d5 2. d4 Nf6 3. c4 c6 4. Nc3 e6 5. Bg5 Be7 6. e3 0-0 7. Bd3 Nbd7 8. 0-0 Re8 9. Qc2 dxc4 10. Bxc4 Nd5 11. Nxd5 Bxg5 12. Nxg5 g6 13. Nxf7 Kxf7 14. Nf4 Nb6 15. Nd3 Qe7 16. Ne5+ Kg7 17. Bd3 Qf6 18. a4 Nd7 19. Nc4 e5 20. dxe5 Nxe5 21. Nxe5 Rxe5 22. e4 Qf4 23. Qe2 Bg4 24. f3 Bd7 25. g3 Qf7 26. f4 Rh5 27. Rf2 Rf8 28. Ra3 Qe7 29. Qe3 c5 30. Be2 Rh3 31. Rc3 b6 32. a5 Qd6 33. Rd3 Qe7 34. axb6 axb6 35. Bf3 Ra8 36. Rfd2 Be8 37. Kg2 Rh6 38. Rd6 Ra7 39. h4 Rb7 40. f5 g5 41. e5 Rxd6 42. Rxd6 1-0

[Event "Olympiad-39"]
[Site "Khanty-Mansiysk"]
[Date "2010.09.22"]
[Round "2.2"]
[White "Mungroo, Franklin"]
[Black "Lorenzana, Wilson Estuardo"]
[Result "0-1"]
[WhiteElo "2156"]
[BlackElo "2206"]
[PlyCount "112"]
[EventDate "2010.09.21"]
[EventType "team-swiss"]
[EventRounds "11"]
[EventCountry "RUS"]
[SourceTitle "CBM 139"]
[Source "ChessBase"]
[SourceDate "2010.11.18"]
[SourceVersion "1"]
[SourceVersionDate "2010.11.18"]
[SourceQuality "1"]
[WhiteTeam "Surinam"]
[BlackTeam "Guatemala"]
[WhiteTeamCountry "SUR"]
[BlackTeamCountry "GUA"]

1. e4 c5 2. Nf3 e6 3. d3 Nc6 4. Nbd2 d6 5. c3 g6 6. Be2 Bg7 7. 0-0 Nge7 8. Re1 0-0 9. Nf1 d5 10. Qc2 h6 11. Be3 d4 12. cxd4 cxd4 13. Bd2 e5 14. Ng3 Be6 15. Rec1 Qd7 16. Be1 Rfc8 17. Qa4 a6 18. b4 b6 19. Rc2 Na7 20. Qxd7 Bxd7 21. Rac1 Ba4 22. Rc4 Nec6 23. Bd2 Bf8 24. Rb1 f6 25. a3 Nb5 26. Ra1 Nd6 27. Rcc1 Na7 28. Bd1 Bxd1 29. Rxd1 Ndb5 30. Ne2 Rc2 31. Kf1 Rac8 32. Ne1 Rb2 33. Bc1 Rb3 34. Rd2 Nc3 35. Nxc3 dxc3 36. Rda2 Nb5 37. Nc2 f5 38. exf5 gxf5 39. Be3 Rc6 40. f4 exf4 41. Bxf4 Bg7 42. Be3 Re6 43. a4 Nc7 44. Nd4 Bxd4 45. Bxd4 Nd5 46. b5 axb5 47. axb5 Kf7 48. Ra7+ Kg6 49. Rg7+ Kh5 50. Rc1 Rxb5 51. Bxc3 Rc6 52. h3 Rxc3 53. Re1 Nf4 54. g3 Nxd3 55. g4+ Kh4 56. Re6 Rc1+ 0-1

[Event "Olympiad-39"]
[Site "Khanty-Mansiysk"]
[Date "2010.09.21"]
[Round "1.3"]
[White "Mungroo, Franklin"]
[Black "Cicak, Slavko"]
[Result "0-1"]
[WhiteElo "2156"]
[BlackElo "2568"]
[PlyCount "98"]
[EventDate "2010.09.21"]
[EventType "team-swiss"]
[EventRounds "11"]
[EventCountry "RUS"]
[SourceTitle "CBM 139"]
[Source "ChessBase"]
[SourceDate "2010.11.18"]
[SourceVersion "1"]
[SourceVersionDate "2010.11.18"]
[SourceQuality "1"]
[WhiteTeam "Surinam"]
[BlackTeam "Sweden"]
[WhiteTeamCountry "SUR"]
[BlackTeamCountry "SWE"]

1. e4 d5 2. exd5 Qxd5 3. Nc3 Qd6 4. Nf3 Bg4 5. Be2 c6 6. 0-0 Nf6 7. d3 Nbd7 8. Ne4 Qc7 9. Bg5 e6 10. Bh4 Nxe4 11. dxe4 Bd6 12. Bg3 Bxg3 13. hxg3 Bxf3 14. gxf3 h5 15. Qd2 0-0-0 16. Qe3 h4 17. Kg2 Qb6 18. Qxb6 Nxb6 19. gxh4 Na4 20. b3 Rd2 21. Bd3 Nb2 22. Kg3 e5 23. Kg4 Rh6 24. Rab1 Nxd3 25. cxd3 Rxd3 26. f4 Rg6+ 27. Kf5 Rf3 28. Kxe5 Re6+ 29. Kf5 Rf6+ 30. Ke5 R6xf4 31. Rb2 Rxh4 32. Re1 Rf6 33. Rg1 Re6+ 34. Kd4 Rhxe4+ 35. Kd3 g6 36. Rh1 R4e5 37. a4 Rd6+ 38. Kc3 Rf5 39. Rh3 Rdf6 40. Rh2 a5 41. Re2 Kc7 42. Re7+ Kb6 43. Re2 Rf3+ 44. Kb2 Rd6 45. Ka2 g5 46. Rh5 Rd5 47. Rh7 g4 48. Rh4 Rf4 49. Kb2 Rd3 0-1

[Event "SUR-ch"]
[Site "Paramaribo"]
[Date "2010.??.??"]
[Round "5"]
[White "Hanoeman, Suradj"]
[Black "Mungroo, Franklin"]
[Result "0-1"]
[WhiteElo "1985"]
[BlackElo "2150"]
[PlyCount "76"]
[EventDate "2010.03.??"]
[EventType "tourn"]
[EventRounds "13"]
[EventCountry "SUR"]
[SourceTitle "EXT 2012"]
[Source "ChessBase"]
[SourceDate "2011.11.24"]
[SourceVersion "1"]
[SourceVersionDate "2011.11.24"]
[SourceQuality "1"]

1. d4 Nf6 2. c4 e6 3. Nc3 Bb4 4. e3 Ne4 5. Qc2 f5 6. Bd2 Nxd2 7. Qxd2 0-0 8. Bd3 Be7 9. Nge2 d6 10. 0-0-0 Nd7 11. e4 f4 12. e5 Bg5 13. f3 dxe5 14. Qc2 h5 15. dxe5 Qe7 16. h4 Bh6 17. Nd4 Nxe5 18. Rhe1 Nxd3+ 19. Qxd3 Qf7 20. Qe4 c6 21. Nxe6 Bxe6 22. Qxe6 Rad8 23. Rxd8 Rxd8 24. Qe7 Rd7 25. Qe5 Rd3 26. Qb8+ Kh7 27. Re8 Qxc4 28. Rh8+ Kg6 29. Qe8+ Qf7 30. Qe4+ Qf5 31. Qc4 Re3 32. Qg8 Qd7 33. Qh7+ Kf7 34. Qg8+ Kg6 35. Qh7+ Kf7 36. Ne4 Re1+ 37. Kc2 Qd1+ 38. Kc3 Re3+ 0-1

[Event "SUR-ch"]
[Site "Paramaribo"]
[Date "2010.??.??"]
[Round "10"]
[White "Matoewi, Roger"]
[Black "Mungroo, Franklin"]
[Result "1-0"]
[WhiteElo "2135"]
[BlackElo "2150"]
[PlyCount "49"]
[EventDate "2010.03.??"]
[EventType "tourn"]
[EventRounds "13"]
[EventCountry "SUR"]
[SourceTitle "EXT 2012"]
[Source "ChessBase"]
[SourceDate "2011.11.24"]
[SourceVersion "1"]
[SourceVersionDate "2011.11.24"]
[SourceQuality "1"]

1. e4 d6 2. f4 e5 3. Nf3 exf4 4. Bc4 h6 5. 0-0 g5 6. d3 Ne7 7. Nc3 Ng6 8. Ne2 Bg7 9. c3 0-0 10. g3 g4 11. Ne1 f3 12. Nf4 Nxf4 13. Bxf4 c6 14. Bb3 Be6 15. Qd2 Kh7 16. Bc2 f5 17. d4 d5 18. exf5 Bxf5 19. Bxf5+ Rxf5 20. Qd3 Qf8 21. Nxf3 Kg8 22. Nh4 Rf7 23. Qg6 Rf6 24. Qxg4 Kh7 25. Be5 1-0

[Event "SUR-ch"]
[Site "Paramaribo"]
[Date "2010.??.??"]
[Round "4"]
[White "Mungroo, Franklin"]
[Black "Sanches, Casanova Romario"]
[Result "1-0"]
[WhiteElo "2150"]
[BlackElo "1975"]
[PlyCount "83"]
[EventDate "2010.03.??"]
[EventType "tourn"]
[EventRounds "13"]
[EventCountry "SUR"]
[SourceTitle "EXT 2012"]
[Source "ChessBase"]
[SourceDate "2011.11.24"]
[SourceVersion "1"]
[SourceVersionDate "2011.11.24"]
[SourceQuality "1"]

1. e4 c5 2. d4 cxd4 3. c3 dxc3 4. Nxc3 Nc6 5. Bc4 d6 6. Nf3 a6 7. 0-0 Nf6 8. h3 b5 9. Bb3 Bb7 10. Qe2 e6 11. Rd1 Qc7 12. Bf4 Na5 13. Rac1 Qb8 14. Nxb5 axb5 15. Qxb5+ Bc6 16. Qe2 Bb5 17. Qc2 Nxb3 18. Qxb3 Be2 19. Qc3 Qb7 20. Rd4 Bxf3 21. gxf3 Be7 22. Rb4 Qd7 23. Qb3 0-0 24. Rb7 Qd8 25. Rcc7 Re8 26. a4 Rc8 27. Rxc8 Qxc8 28. a5 Qa8 29. Qb5 Bd8 30. b4 e5 31. Bg5 Qc8 32. Kg2 Nd7 33. Be3 Re7 34. a6 Qa8 35. Rxd7 Rxd7 36. Qxd7 Bh4 37. a7 f5 38. Qe6+ Kh8 39. Qxf5 Be7 40. Qd7 d5 41. Qxe7 dxe4 42. Qxe5 1-0

[Event "SUR-ch"]
[Site "Paramaribo"]
[Date "2010.??.??"]
[Round "7"]
[White "Tjong Tjin, Joe Calvin"]
[Black "Mungroo, Franklin"]
[Result "0-1"]
[WhiteElo "1860"]
[BlackElo "2150"]
[PlyCount "76"]
[EventDate "2010.03.??"]
[EventType "tourn"]
[EventRounds "13"]
[EventCountry "SUR"]
[SourceTitle "EXT 2012"]
[Source "ChessBase"]
[SourceDate "2011.11.24"]
[SourceVersion "1"]
[SourceVersionDate "2011.11.24"]
[SourceQuality "1"]

1. e4 d6 2. d4 Nd7 3. Nf3 e5 4. c3 Be7 5. Bd3 Ngf6 6. 0-0 0-0 7. Na3 c6 8. Re1 Qc7 9. Nc2 Re8 10. Ne3 g6 11. Qc2 Bf8 12. Nf1 Bg7 13. dxe5 dxe5 14. Ng3 Nc5 15. Bf1 Bg4 16. Be3 Ne6 17. Nd2 Nf4 18. h3 Be6 19. Bc4 Rad8 20. Rad1 Rxd2 21. Rxd2 Bxc4 22. b3 Be6 23. Red1 b6 24. c4 Bf8 25. Bxf4 exf4 26. Nf1 f3 27. Ng3 fxg2 28. Kxg2 h5 29. Qc3 Be7 30. e5 Nh7 31. f4 f6 32. Kh1 fxe5 33. fxe5 Bxh3 34. Rg1 Bc5 35. Rgd1 Bg4 36. e6 Qe7 37. Re1 Bb4 38. Qd3 Bxd2 0-1

[Event "Surinam-ch"]
[Site "Paramaribo"]
[Date "2008.06.13"]
[Round "10"]
[White "Mungroo, Franklin"]
[Black "Dos Ramos, Ricardo"]
[Result "1/2-1/2"]
[WhiteElo "2176"]
[BlackElo "2164"]
[PlyCount "74"]
[EventDate "2008.05.31"]
[EventType "tourn"]
[EventRounds "13"]
[EventCountry "SUR"]
[SourceTitle "EXT 2009"]
[Source "ChessBase"]
[SourceDate "2008.11.26"]
[SourceVersion "1"]
[SourceVersionDate "2008.11.26"]
[SourceQuality "1"]

1. e4 e5 2. Nf3 Nf6 3. Nxe5 d6 4. Nf3 Nxe4 5. Nc3 d5 6. Qe2 Be7 7. Nxe4 dxe4 8. Qxe4 0-0 9. Bd3 g6 10. 0-0 Nc6 11. Bb5 Bf5 12. Qa4 Nb4 13. Ne1 c6 14. Be2 Be6 15. c3 b5 16. Qd1 Nxa2 17. d4 Nxc1 18. Qxc1 Bd5 19. Nd3 Bd6 20. Qd2 Re8 21. f4 Qc7 22. Bf3 f6 23. Bxd5+ cxd5 24. Rae1 a5 25. Re3 Re4 26. g3 Rae8 27. Rfe1 Rxe3 28. Rxe3 Rxe3 29. Qxe3 Qe7 30. Kf2 Kf7 31. Qxe7+ Kxe7 32. Ke3 h5 33. h3 Kd7 34. g4 hxg4 35. hxg4 Ke6 36. Nc5+ Bxc5 37. dxc5 Kd7 1/2-1/2

[Event "Surinam-ch"]
[Site "Paramaribo"]
[Date "2008.06.10"]
[Round "8"]
[White "Mungroo, Franklin"]
[Black "Treu, Auke"]
[Result "1/2-1/2"]
[WhiteElo "2176"]
[BlackElo "2163"]
[PlyCount "56"]
[EventDate "2008.05.31"]
[EventType "tourn"]
[EventRounds "13"]
[EventCountry "SUR"]
[SourceTitle "EXT 2009"]
[Source "ChessBase"]
[SourceDate "2008.11.26"]
[SourceVersion "1"]
[SourceVersionDate "2008.11.26"]
[SourceQuality "1"]

1. e4 e6 2. d4 d5 3. e5 c5 4. c3 Qb6 5. Nf3 Bd7 6. Be2 Bb5 7. a3 Bxe2 8. Kxe2 cxd4 9. cxd4 Nc6 10. Nc3 Nge7 11. Kf1 Nf5 12. Ne2 Rc8 13. g4 Nh6 14. h3 g6 15. Bd2 Bg7 16. Bc3 0-0 17. Kg2 f6 18. exf6 Bh8 19. Qd2 Nf7 20. g5 Nd6 21. Ng3 Ne4 22. Qe3 Rce8 23. Nxe4 dxe4 24. Qxe4 Nd8 25. Ne5 Qb5 26. Nxg6 Qxg5+ 27. Kh2 hxg6 28. Rhg1 Qf5 1/2-1/2

[Event "Olympiad-37"]
[Site "Turin"]
[Date "2006.05.28"]
[Round "7"]
[White "Ozanne, Mark S"]
[Black "Mungroo, Franklin"]
[Result "1-0"]
[WhiteElo "1961"]
[BlackElo "2211"]
[PlyCount "39"]
[EventDate "2006.05.21"]
[EventType "team-swiss"]
[EventRounds "13"]
[EventCountry "ITA"]
[SourceTitle "CBM 113"]
[Source "ChessBase"]
[SourceDate "2006.07.31"]
[SourceVersion "1"]
[SourceVersionDate "2006.07.31"]
[SourceQuality "1"]
[WhiteTeam "Guernsey Jersey"]
[BlackTeam "Surinam"]
[WhiteTeamCountry "GCI"]
[BlackTeamCountry "SUR"]

1. e4 e5 2. Nc3 Nf6 3. f4 exf4 4. d4 Bb4 5. Bd3 d5 6. e5 Ne4 7. Bxe4 dxe4 8. Bxf4 Nc6 9. a3 Ba5 10. d5 Ne7 11. b4 Bb6 12. Qh5 Bd4 13. Nge2 Nxd5 14. Bg5 Bxc3+ 15. Nxc3 Qd7 16. Nxd5 Qxd5 17. Rd1 Qxd1+ 18. Qxd1 Be6 19. 0-0 0-0 20. Qh5 1-0